000 00585nam a2200229 i 4500
001 C2-0169264
003 PPAK
005 20180728091905.0
008 980722s1985 ne a|||| ||||| | eng d
020 _a0705408469
040 _aPPAK
_beng
_cPPAK
_erda
082 0 4 _a972
_2 23
090 0 0 _a972
_bMEX
_dR
245 0 0 _aMexico
264 1 _aAmsterdam :
_bTime-Life Books ,
_c1985
300 _a160 pages :
_bcolour illustrations ;
_c32 cm
336 _2rdacontent
_atext
337 _2rdamedia
_aunmediated
338 _2rdacarrier
_avolume
650 1 0 _aMexico
942 _ddc
_cB
999 _c153282
_d153282